Duše zvířat a lidí /

Main Author: Smith, Penelope 1946-
Language: Czech
Published: V Praze : Elfa, 2010
Edition: Vyd. 1.
Subjects:
Physical Description: 174 s. ; 21 cm
Book
Saved in:
LEADER 01620nam a2200517 a 4500
001 nkc20102152739
003 CZ PrNK
005 20110526161157.0
007 ta
008 101129s2010 xr e 000 0 cze
015 |a cnb002152739 
020 |a 978-80-86439-17-4  |q (brož.) 
035 |a (OCoLC)730406313 
040 |a ABA001  |b cze  |d BOA001  |d OLA001 
041 1 |a cze  |h eng 
072 7 |a 591  |x Obecná zoologie  |2 Konspekt  |9 2 
080 |a 591.51  |2 MRF 
080 |a 159.923.35  |2 MRF 
080 |a 179.3  |2 MRF 
080 |a 616-036.887  |2 MRF 
080 |a 616-036.88  |2 MRF 
080 |a (049)  |2 MRF 
100 1 |a Smith, Penelope  |q (Penelope A.),  |d 1946-  |7 xx0126984  |4 aut 
245 1 0 |a Duše zvířat a lidí /  |c Penelope Smith 
250 |a Vyd. 1. 
260 |a V Praze :  |b Elfa,  |c 2010 
300 |a 174 s. ;  |c 21 cm 
500 |a Přeloženo z angličtiny 
650 0 7 |a psychologie živočichů  |7 ph135003  |2 czenas 
650 0 7 |a lidská psychika  |7 ph117220  |2 czenas 
650 0 7 |a člověk a zvíře  |7 ph128185  |2 czenas 
650 0 7 |a umírání  |7 ph126927  |2 czenas 
650 0 7 |a smrt  |7 ph116193  |2 czenas 
650 0 9 |a animal psychology  |2 eczenas 
650 0 9 |a human psychic  |2 eczenas 
650 0 9 |a human-animal relationships  |2 eczenas 
650 0 9 |a dying  |2 eczenas 
650 0 9 |a death  |2 eczenas 
655 7 |a pojednání  |7 fd133056  |2 czenas 
655 9 |a essays  |2 eczenas 
765 0 |t Animal in spirit  |9 Česky 
910 2 |a BOA001  |b 2-1262.819 
990 |a BK 
995 |a 01 
991 |b 201103  |c NOV  |e n 
996 6 |b 2610469039  |c 2-1262.819  |l MZK  |r Sklad / do 1 hodiny  |n 9  |p p.v.  |w 001170568  |u 000010  |a 1  |e BOA001  |j MZK50  |s P